000 00438nam a2200181Ia 4500
001 17037
005 20260306170355.0
008 260306t2015||||xx |||||||||||||| ||und||
041 _aESP
082 _a657.42
_bU826
100 _aUdolkin Dakova, Sergey
_eAUT
245 0 _aContabilidad de costos y de gestión
260 _c2015
300 _a388 páginas :
_c23 cm.
650 _aGEN
654 _aCCO
942 _cLIB
_dJUS
_fJUS
_2ddc
_n
999 _c17037
_d17037